Carta arqueológica de España : Salamanca / Juan Maluquer de Motes Salamanca / Juan Maluquer de Motes
Descripción Física:
158 p. : il. ; 25 cm
MARC
| LEADER | 00000nam a2200000Ia 4500 | ||
|---|---|---|---|
| 001 | 17344 | ||
| 008 | 160829s1956 xx 000 0 cat d | ||
| 080 | |a H-2-326 | ||
| 100 | 1 | |a Maluquer de Motes, Joan, |d 1915-1988 |9 30020 | |
| 245 | |a Carta arqueológica de España : |b Salamanca / Juan Maluquer de Motes | ||
| 260 | |a Salamanca : |b Diputación Provincial. Servicio de Investigaciones Arqueológicas, |c 1956 | ||
| 300 | |a 158 p. : |b il. ; |c 25 cm | ||
| 590 | |a Prové de R-168. | ||
| 650 | |a Excavacions arqueològiques |x Castella i Lleó |9 46626 | ||
| 650 | |a Salamanca |9 46627 | ||
| 710 | 1 | |9 54957 |a Barcelona (Catalunya : Província). |b Servicio de Investigaciones Arqueológicas |e entitat editora | |
| 901 | |a Arxiu | ||
| 942 | |n 1 |2 udc | ||
| 952 | |0 0 |1 0 |4 0 |6 H2326 |7 1 |9 53334 |a Arxiu |b Arxiu |d 2016-12-01 |l 0 |o H-2-326 |p 17344 |r 2016-12-01 00:00:00 |w 2016-12-01 |y ARXIU | ||
| 999 | |c 57199 |d 57199 | ||